Financial modeling
Na minha lista:
| Autor principal: | |
|---|---|
| Formato: | Livro |
| Idioma: | inglês |
| Publicado em: |
Cambridge
<The> MIT Press
2008
|
| Edição: | 3rd ed. |
| Assuntos: | |
| Tags: |
Sem tags, seja o primeiro a adicionar uma tag!
|
MARC
| LEADER | 00000nam a2200000 4500 | ||
|---|---|---|---|
| 001 | 0178366 | ||
| 005 | 20240306135655.3 | ||
| 020 | |a 978-0-262-02628-4 | ||
| 041 | 0 | |a eng | |
| 044 | |a US | ||
| 245 | 1 | 0 | |a Financial modeling |c Simon Benninga |
| 250 | |a 3rd ed. | ||
| 264 | 1 | |a Cambridge |b <The> MIT Press |c 2008 | |
| 300 | |a xxviii, 1133 s. |e CD-ROM | ||
| 610 | 2 | 0 | |a financie |
| 610 | 2 | 0 | |a modelovanie |
| 610 | 2 | 0 | |a modely |
| 610 | 2 | 0 | |a kalkulácia |
| 610 | 2 | 0 | |a banky |
| 610 | 2 | 0 | |a súvaha |
| 610 | 2 | 0 | |a analýza finančná |
| 610 | 2 | 0 | |a lízing |
| 610 | 2 | 0 | |a portfólio |
| 610 | 2 | 0 | |a modely cenové |
| 610 | 2 | 0 | |a metóda Monte Carlo |
| 610 | 2 | 0 | |a bondy |
| 610 | 2 | 0 | |a dáta |
| 610 | 2 | 0 | |a matice |
| 610 | 2 | 0 | |a programy počítačové |
| 610 | 2 | 0 | |a internet |
| 100 | 1 | |a Benninga, Simon | |